Inflacja a bezrobocie.

Závislosť medzi infláciou a nezamestnanosťou v trhovom hospodárstve. Spory okolo závislosti, inflácie a nezamestnanosti. Politika príjmov. Dobrovoľná politika príjmov. Zákonitá (donucovacia) politika príjmov.

Salvato in:
Dettagli Bibliografici
Autore principale: Adam, J.
Natura: Capitolo di libro
Lingua:polacco
Soggetti:
Tags: Aggiungi Tag
Nessun Tag, puoi essere il primo ad aggiungerne!!

MARC

LEADER 00000naa a2200000 4500
001 r007674
005 20221125122716.7
041 0 |a pol 
044 |a PL 
245 1 0 |a Inflacja a bezrobocie.  |c J. Adam 
520 |a Závislosť medzi infláciou a nezamestnanosťou v trhovom hospodárstve. Spory okolo závislosti, inflácie a nezamestnanosti. Politika príjmov. Dobrovoľná politika príjmov. Zákonitá (donucovacia) politika príjmov. 
610 2 0 |a inflácia 
610 2 0 |a nezamestnanosť 
610 2 0 |a hospodárstvo trhové 
610 2 0 |a príjmy pracovné 
610 2 0 |a príjmy obyvateľstva 
610 2 0 |a politika hospodárska 
100 1 |a Adam, J.